'C' Entertainment Images II Quiz Stats

Quiz Updated Dec 17, 2015

Challenge
Share
Tweet
Score 0/25 Timer 04:00
6 Plays Today
% Correct
Chess
95.5%
Casper
94.9%
Connect Four
85.2%
Chandler Bing
83.4%
Charlotte's Web
79%
Chinese Checkers
76.5%
Candy Land
74.6%
Carlton Banks
71.5%
Cosmo Kramer
62.5%
Cleveland Brown
61.5%
Chuckie Finster
60.1%
The Clash
54.7%
Clark Kent
52.5%
% Correct
Cujo
47.2%
Cribbage
46.3%
Courage the Cowardly Dog
44.9%
Corduroy
34.8%
Cat's Cradle
33%
Catch-22
30.9%
Coldplay
26.4%
Candace Flynn
25.9%
The Cranberries
22.6%
Cake
20.2%
Counting Crows
19%
Christopher Moltisanti
17.6%

You're not logged in!

Compare scores with friends on all Sporcle quizzes.
Sign Up with Email
OR
Log In

You Might Also Like...

Show Comments

Extras

Top Quizzes Today


Score Distribution

Your Account Isn't Verified!

In order to create a playlist on Sporcle, you need to verify the email address you used during registration. Go to your Sporcle Settings to finish the process.